000 00581nam a2200193Ia 4500
005 20250317125928.0
008 008 250317s9999 xx 000 0 eng d
020 _a0-13-360777-1
037 _aTextbook
040 _aFMSL
_beng
_cFMSL
041 _aeng
_2eng
084 _aX:8F.7 M8
_qFMSL
100 _aFreeman Robert J
245 0 _aGovernment & Nonprofit accounting theory and practice
260 _aEnglewood
_bEnglewood, Prentice Hall
_c1988
300 _axviii,941
942 _cTB
_hX:8F.7 M8
999 _c1261560
_d1261560